00351nam a2200097Ia 4500008004100000082001900041100002400060245010000084260006200184300000700246140316s9999 xx 000 0 und d a384.55bGOV/IN aGovernment of India aIndian personality for television v.2 : report of the working group on sofrware for doordarshan aNew DelhibMinistry of information and broadcastingc1985 a64